Libro blanco sobre la calidad democrt̀ica en Espaą

Detalles Bibliográficos
Autor principal: Tudela, Još
Otros Autores: Castell,̉ Josep Maria, Exps̤ito, Enriqueta, Kl̲ling, Mario
Formato: eBook
Lenguaje:español
Publicado: Madrid: Marcial Pons, 2018
Materias:
Acceso en línea:Acceso restringido

MARC

LEADER 00000nam a22000007a 4500
005 20190613125232.0
007 cr|||| ||||
008 190613s2018 es |||||s|||| 00||0 spa d
020 |a 978-84-9123-653-5 
035 |a 23741 
040 |a vLex 
090 |c 8880  |d 8880 
100 1 |a Tudela, Još 
245 1 0 |a Libro blanco sobre la calidad democrt̀ica en Espaą  |h [Recurso electrn̤ico] /  |c Jos ̌Tudela, Josep Maria Castell,̉ Enriqueta Exps̤ito, Mario Kl̲ling 
256 |a Servicio en ln̕ea 
260 |a Madrid:  |b Marcial Pons,  |c 2018 
300 |a 1 recurso electrn̤ico 
506 1 |a Disponible solo en los productos indicados  |d vLex Global  |d vLex Global (Academic Edition, excluding Law Schools)  |d vLex Global (U.S. Academic Edition, Law Schools)  |d vLex Global (U.S. Academic Edition, excluding Law Schools)  |d vLex Global (Academic Edition, Law Schools) 
650 0 4 |a Derecho Constitucional  |z Espaą 
700 1 |a Castell,̉ Josep Maria 
700 1 |a Exps̤ito, Enriqueta 
700 1 |a Kl̲ling, Mario 
740 0 |a vLex Libros (Servicio en ln̕ea) 
856 4 0 |u http://vlex.com/source/libro-blanco-calidad-democratica-espa-a-23741  |z Acceso restringido 
942 |c BOOK 
999 0 |a Constitutional right